1349 1225 1117 1311 1540 1853 1792 1022 1428 1622 1823 1820 1044 1693 1262 1888 1378 1292 1863 1559 1035 1051 1625 1465 1851 1041 1742 1005 1192 1295 1961 1064 1295 1835 1962 1562 1805 1825 1687 1482 1376 1211 1385 1905 1915 1031 1382 1214 1453 1837 1442 1412 1011 1676 1527 1236 1682 1021 1664 1644 1125 1453 1772 1185 1716 1640 1420 1403 1289 1129 1236 1720 1814 1985 1668 1056 1303 1300 1177 1300 1507 1049 1993 1357 1532 1098 1854 1686 1561 1145 1299 1020 1711 1678 1806 1780 1918 1239 1282 BCNSPRNW ULIB Ver.6.0+V

เปลี่ยนเป็นภาษาไทย

Change to English
 แสดงรายละเอียดบรรณานุกรม
  กลับหน้าหลัก

Brief Record : Get Marc (ISO 2709) : E-mail record : QR code < ปิดหน้าต่าง
LEADER : 00000nam 2200000uu 4500
001    13399125611
003     ULIB
008    170711s2559||||th 000 0 tha d
020    ^a9786165156554
060  0 ^aWB890^bน779ห
110 1  ^aเนชั่น อินเตอร์เนชั่นเนล เอ็นดูเทนเมนท์
245 00 ^aหยุดป่วยด้วยแพทย์ทางเลือก /^cเนชั่น อินเตอร์เนชั่นเนล เอ็นดูเทนเมนท์
260    ^aกรุงเทพฯ : ^bเนชั่น อินเตอร์เนชั่นเนล เอ็นดูเทนเมนท์,^c2559
300    ^a200 ; ^c21ซม.
650  0 ^aการแพทย์ทางเลือก
710 1  ^aเนชั่น อินเตอร์เนชั่นเนล เอ็นดูเทนเมนท์
945    ^p0^l0^i002565
999    ^aประนอม เกษจรัล
รายการนี้ยังไม่มีแท็ก
คุณยังไม่ได้ล็อกอิน คุณสามารถมีกิจกรรมร่วมกับเว็บไซต์ได้ แต่ต้องล็อกอินก่อน ::
  ล็อกอิน

รายการสื่อสารสนเทศ

ลำดับที่ ประเภท เลขเรียก/บาร์โค้ด สถานที่ สถานะ
1. วิทยาศาสตร์การแพทย์ และสุขภาพ
วิทยาศาสตร์การแพทย์ และสุขภาพ
สถานะ=หนังสือเก่า
WB890 น779ห ฉ.1 
  Barcode: 002565
ห้องสมุดวิทยาเขตสวรรค์ประชารักษ์
►ส่วนจัดเก็บหนังสือเก่า สปร
บนชั้น
  ขอยืม

รายการใกล้เคียง
    หัวเรื่อง [การแพทย์ทางเลือก]

BibComment


ยังไม่เคยถูกคอมเมนท์

คอมเมนท์ทรัพยากรรายการนี้
  คอมเมนท์: หยุดป่วยด้วยแพทย..


 Copyright 2026. Bcnsprnw @Library